| 000 | 02776nam0a2200409 4500 | ||
|---|---|---|---|
| 001 | RU\NLR\BIBL_A\016245389 | ||
| 005 | 20260408063108.0 | ||
| 035 | _a(NLR Aleph) 016245389 | ||
| 090 |
_a12810737 _c12810737 |
||
| 100 | _a20190626d1903 |||y0rusy50 ca | ||
| 101 | 0 | _arus | |
| 102 | _aRU | ||
| 105 | _ay z 000zy | ||
| 181 | 0 |
_ai _baxxe |
|
| 182 | 0 | _an | |
| 200 | 1 |
_aОб организации полиции в приморских торговых портах _eпредставление по этому делу, с относящимися к оному бумагами, разослано Членам Государственного Совета в печатных экземплярах _fГосударственный Совет в Соединенных Департаментах промышленности, наук и торговли, Законов и Государственной экономии. Министерство Внутренних Дел. 24 января 1903 года. № 10 |
|
| 203 |
_aТекст _bвизуальный _cнепосредственный |
||
| 210 |
_a[Санкт-Петербург _cб. и.] _d1903 |
||
| 215 |
_a11 с. _d34 |
||
| 300 | _aВ конце текста: Подписали: Н. Чихачов, А. Горемыкин, Николай Махотин [и др.]; Скрепил: Исполняющий должность Статс-Секретаря С. Тецнер | ||
| 300 | _aНа 1-й, 5-й... с.: CCII | ||
| 309 | _aБез тит. л. и обл. | ||
| 606 | 1 |
_aПолиция _jДокументы и материалы _yРоссия _9978791 _3RU\NLR\AUTH\66368242 |
|
| 686 | 3 | _aХ819(2)112.011,011 | |
| 702 | 1 |
_4720 _7ca _8rus _aЧихачёв _bН. М. _cадмирал, гос. деятель _f1830-1917 _gНиколай Матвеевич _9197499 _3RU\NLR\AUTH\770197550 |
|
| 702 | 1 |
_aГоремыкин _bА. _4720 |
|
| 702 | 1 |
_4720 _7ca _8rus _aМахотин _bН. А. _f1830-1903 _gНиколай Антонович _9250205 _3RU\NLR\AUTH\770250261 |
|
| 702 | 1 |
_4720 _7ca _8rus _aТецнер _bС. К. _f1858-1903 _gСергей Константинович _9237791 _3RU\NLR\AUTH\770237847 |
|
| 711 | 0 | 1 |
_aРоссия _bГосударственный совет _3RU\NLR\AUTH\889948587 _9392796 |
| 711 | 0 | 1 |
_aРоссия _bМинистерство внутренних дел _3RU\NLR\AUTH\8810033038 _9564612 |
| 712 | 0 | 1 |
_4570 _aРоссия _bСоединенные Департаменты промышленности, наук и торговли, законов и государственной экономии _9841857 _3RU\NLR\AUTH\880588002 |
| 852 |
_aNLR _j135/295-20(1) |
||
| 942 | _cBOOK | ||
| 980 | _aNB | ||